[Event "AUTO-ADV-2450"]
[Site "http://www.queenalice.com/game.php?id=1042572"]
[Date "2012.3.25"]
[Round "1"]
[White "rocrico"]
[Black "Tigrao"]
[Result "0-1"]
[WhiteElo "1629"]
[BlackElo "1747"]

1. Nc3 e5 2. e3 d5 3. d3 Bb4 4. Bd2 d4 5. Ne4 Bxd2+ 6. Qxd2 Nf6 7. Be2 O-O 8.
Nf3 Nxe4 9. dxe4 dxe3 10. Qxe3 Qe7 11. Rd1 Qb4+ 12. c3 Qxb2 13. Bc4 Nc6 14. O-O
Qa3 15. Rd2 Qe7 16. Rb1 b6 17. Ng5 Nd8 18. Qg3 Kh8 19. Rb5 Ba6 20. Rb4 Bxc4 21.
Rxc4 c5 22. a4 Nc6 23. Rd3 Na5 24. Qh4 h6 25. Rxc5 bxc5 26. Nxf7+ Qxf7 27. Rf3
Qb3 28. g3 Qd1+ 29. Kg2 Qxf3+ 0-1

[Event "AUTO-OPEN-2643"]
[Site "http://www.queenalice.com/game.php?id=1042593"]
[Date "2012.3.25"]
[Round "1"]
[White "Tigrao"]
[Black "favos"]
[Result "0-1"]
[WhiteElo "1711"]
[BlackElo "2007"]

1. e4 e6 2. d4 d5 3. e5 c5 4. c3 Nc6 5. Nf3 Qb6 6. Na3 cxd4 7. cxd4 Bb4+ 8. Bd2
Nxd4 9. Nxd4 Qxd4 10. Bxb4 Qxb4+ 11. Qd2 Qe4+ 12. Qe2 Qxe2+ 13. Bxe2 a6 14. O-O
Ne7 15. Nc2 O-O 16. Nd4 Nc6 17. Nxc6 bxc6 18. Rac1 Bd7 19. Rc5 Rfb8 20. b3 Rb4
21. Ra5 Bc8 22. Rc1 Re4 23. Kf1 Bb7 24. f3 Rxe5 25. Kf2 Rh5 26. h3 h6 27. Rcc5
Rf5 28. Ra4 g5 29. Rca5 Rf4 30. Ra3 h5 31. Bxa6 Bxa6 32. Rxa6 Rxa6 33. Rxa6 c5
34. Rc6 c4 35. b4 Rd4 36. Ke2 c3 37. b5 Rd2+ 38. Ke1 Rxa2 39. Rxc3 Rb2 40. Rc5
Kf8 41. g4 hxg4 42. hxg4 Ke7 43. Rc7+ Kd6 44. Rxf7 Rxb5 45. Rg7 d4 46. Ke2 Rd5
47. Kd3 Kc5 48. Rg6 Re5 49. Rf6 Re3+ 50. Kd2 Kc4 51. Rg6 Rxf3 0-1

[Event "AUTO-OPEN-2643"]
[Site "http://www.queenalice.com/game.php?id=1042594"]
[Date "2012.3.25"]
[Round "1"]
[White "favos"]
[Black "Tigrao"]
[Result "1-0"]
[WhiteElo "2014"]
[BlackElo "1745"]

1. e4 e5 2. Nf3 d6 3. Nc3 Nf6 4. Bc4 Be7 5. O-O O-O 6. d4 Nc6 7. d5 Na5 8. Qe2
Bg4 9. b3 Nxc4 10. bxc4 Qe8 11. Rb1 b6 12. Nb5 Qd7 13. Bg5 a6 14. Nc3 Rfb8 15.
h3 Bxf3 16. Qxf3 h6 17. Be3 Nh7 18. Qg3 Bg5 19. f4 exf4 20. Bxf4 Bxf4 21. Rxf4
c5 22. Rbf1 Rf8 23. Rg4 g6 24. Qh4 Kg7 25. Ne2 g5 26. Qg3 f6 27. h4 Rf7 28. hxg5
fxg5 29. Rxf7+ Kxf7 30. Qf3+ Nf6 31. Rg3 g4 32. Qe3 Rh8 33. Nf4 h5 34. Ne6 h4
35. Qg5 Rh7 36. Ra3 a5 37. Rb3 h3 38. gxh3 gxh3 39. Rxh3 Rxh3 40. Qg7+ 1-0

[Event "AUTO-OPEN-2643"]
[Site "http://www.queenalice.com/game.php?id=1042595"]
[Date "2012.3.25"]
[Round "1"]
[White "Tigrao"]
[Black "miltonlovisk"]
[Result "0-1"]
[WhiteElo "1756"]
[BlackElo "2039"]

1. d4 d5 2. Nf3 h6 3. e3 Nf6 4. Bd3 Bg4 5. O-O Ne4 6. h3 Be6 7. Bxe4 dxe4 8.
Nfd2 f5 9. Qh5+ Kd7 10. Rd1 c6 11. Qe2 Kc7 12. Nc4 Bd5 13. Nbd2 Nd7 14. b3 g5
15. f3 exf3 16. Nxf3 g4 17. hxg4 fxg4 18. Nfe5 h5 19. Nf7 Bxf7 20. e4 e6 21. Qf2
Bg6 22. Qf4+ Kc8 23. Ne5 Bd6 24. Qg5 Nxe5 25. Qxd8+ Rxd8 26. Bg5 Rf8 27. dxe5
Bxe5 28. Rac1 Bxe4 29. Re1 Bd4+ 30. Be3 Bxe3+ 31. Rxe3 Bf5 32. c4 Kc7 33. Kf2
Rae8 34. Rce1 Kd6 35. Kg3 Bg6 36. Rd1+ Kc7 37. c5 Rf5 38. Red3 Rd5 0-1

[Event "AUTO-OPEN-2643"]
[Site "http://www.queenalice.com/game.php?id=1042596"]
[Date "2012.3.25"]
[Round "1"]
[White "miltonlovisk"]
[Black "Tigrao"]
[Result "0-1"]
[WhiteElo "2013"]
[BlackElo "1707"]

1. e4 e5 2. Nf3 d6 3. Bc4 Be7 4. Nc3 Nf6 5. Ng5 O-O 6. Nf3 c6 7. a3 b5 8. Ba2
Ba6 9. b4 Bb7 10. d4 Nbd7 11. d5 a6 12. Bg5 h6 13. Bh4 cxd5 14. Bxf6 Nxf6 15.
exd5 Qb6 16. Qd3 Ng4 17. O-O Rac8 18. Ne4 f5 19. Ng3 e4 20. Nxe4 fxe4 0-1

[Event "AUTO-OPEN-2643"]
[Site "http://www.queenalice.com/game.php?id=1042597"]
[Date "2012.3.25"]
[Round "1"]
[White "Tigrao"]
[Black "danbots5k"]
[Result "0-1"]
[WhiteElo "1758"]
[BlackElo "2419"]

1. e4 e5 2. d4 Nf6 3. Bg5 h6 4. Bxf6 Qxf6 5. d5 Bb4+ 6. c3 Bc5 7. Nf3 d6 8. Bb5+
c6 9. dxc6 bxc6 10. Be2 a5 11. Nbd2 g5 12. h3 Na6 13. Qa4 Bb7 14. Bxa6 Rxa6 15.
Nc4 Qd8 16. Rd1 Qc7 17. Ke2 Bc8 18. Ne1 Ra7 19. Nd3 Bb6 20. a3 Be6 21. Nxb6 Qxb6
22. b4 Qb5 23. Qc2 axb4 24. axb4 Ra2 25. Qxa2 Bxa2 26. Ra1 Qc4 27. Kd2 Ke7 28.
f3 Qb3 29. h4 gxh4 30. Rxh4 Qe6 31. Nc1 Bc4 32. Ra7+ Kf6 33. g4 Kg6 34. Ne2 Bxe2
35. Kxe2 Qc4+ 36. Kd2 c5 37. bxc5 Rb8 38. cxd6 Rb2+ 39. Kd1 Qf1# 0-1

[Event "AUTO-OPEN-2643"]
[Site "http://www.queenalice.com/game.php?id=1042598"]
[Date "2012.3.25"]
[Round "1"]
[White "danbots5k"]
[Black "Tigrao"]
[Result "1-0"]
[WhiteElo "2429"]
[BlackElo "1751"]

1. d4 e6 2. c4 Bb4+ 3. Nd2 Nf6 4. a3 Bxd2+ 5. Qxd2 O-O 6. g3 d5 7. c5 b6 8. Bg2
Bb7 9. b4 b5 10. Qc2 c6 11. Nh3 Bc8 12. Bf4 h6 13. a4 Ba6 14. Bxb8 Qxb8 15. O-O
bxa4 16. Rxa4 Bb5 17. Ra3 Re8 18. f4 Ng4 19. Rfa1 Re7 20. e4 Bc4 21. Qd2 Rb7 22.
Bf3 Nf6 23. e5 Nd7 24. Bd1 f6 25. Nf2 f5 26. Ra4 Bb5 27. Ra5 a6 28. Bh5 Nf8 29.
h3 g6 30. Bd1 Rg7 31. Kh2 Nh7 32. Ba4 g5 33. Bxb5 cxb5 34. Rxa6 Rxa6 35. Rxa6
gxf4 36. Qxf4 Qc8 37. Rb6 Qe8 38. h4 h5 39. Qh6 Re7 40. Nh3 Nf8 41. Ng5 Ng6 42.
Qxh5 f4 43. Qg4 fxg3+ 44. Kxg3 Qa8 45. Qf3 Ra7 46. h5 Ra3 47. Rb8+ Qxb8 48. Qxa3
Nf8 49. Qf3 Qd8 50. Qf7+ Kh8 51. Kg4 1-0

[Event "Challenge"]
[Site "http://www.queenalice.com/game.php?id=1065442"]
[Date "2012.5.29"]
[Round "-"]
[White "Tigrao"]
[Black "plot24"]
[Result "0-1"]
[WhiteElo "1776"]
[BlackElo "1707"]

1. e4 e5 2. Nf3 Nc6 3. d4 exd4 4. Nxd4 Nf6 5. Nxc6 bxc6 6. Bd3 Bc5 7. O-O d5 8.
Nc3 O-O 9. Bg5 Qd6 10. Bxf6 Qxf6 11. Rb1 Qg5 12. exd5 Bg4 13. Qc1 Qh4 14. dxc6
Bd6 15. g3 Qh3 16. Be2 f5 17. Bxg4 Qxg4 18. Qd1 h5 19. Qxg4 hxg4 20. Kg2 a5 21.
Rbd1 Ra6 22. Rd5 Rxc6 23. Rfd1 Kh7 24. f3 gxf3+ 25. Kxf3 g5 26. a3 Kg6 27. R1d3
f4 28. g4 Rh8 29. Rd2 Bxa3 30. bxa3 Rh3+ 31. Kg2 Rhxc3 32. Rxa5 Rxc2 33. Rxc2
Rxc2+ 34. Kf3 Rxh2 35. Rc5 Rh3+ 36. Ke4 Rxa3 37. Rxc7 Re3+ 38. Kd4 Re6 39. Rc2
Kf6 40. Rh2 Kg6 41. Kd3 Re3+ 42. Kd4 Rg3 43. Ke4 Rxg4 0-1

[Event "Challenge"]
[Site "http://www.queenalice.com/game.php?id=1088038"]
[Date "2012.7.28"]
[Round "-"]
[White "plot24"]
[Black "Tigrao"]
[Result "0-1"]
[WhiteElo "1741"]
[BlackElo "1740"]

1. d4 d5 2. c4 dxc4 3. e4 e5 4. Bxc4 Qxd4 5. Qxd4 exd4 6. Nf3 c5 7. Bf4 Be7 8.
O-O Nf6 9. Nbd2 O-O 10. Rfe1 Nc6 11. a3 a6 12. e5 Nh5 13. Bg5 Bxg5 14. Nxg5 h6
15. Ngf3 Kh8 16. Ne4 Be6 17. Bxe6 fxe6 18. Nxc5 Nf4 19. Nxb7 Rab8 20. Nd6 Rxb2
21. Rec1 Ne2+ 0-1

[Event "Challenge"]
[Site "http://www.queenalice.com/game.php?id=1304115"]
[Date "2014.8.26"]
[Round "-"]
[White "Tigrao"]
[Black "talisman77"]
[Result "0-1"]
[WhiteElo "1688"]
[BlackElo "1899"]

1. e4 e5 2. Nf3 Nc6 3. Be2 Nf6 4. d3 Bc5 5. O-O O-O 6. Nc3 a6 7. a3 Nd4 8. Bg5
Nxf3+ 9. Bxf3 c6 10. Na4 Ba7 11. Qe2 d6 12. Be3 b5 13. Nc3 Bb8 14. h3 d5 15.
exd5 cxd5 16. Bg5 Be6 17. Bxf6 Qxf6 18. Nxd5 Bxd5 19. Bxd5 Ra7 20. a4 Re8 21.
axb5 axb5 22. Rxa7 Bxa7 0-1

[Event "AUTO-ADV-3225"]
[Site "http://www.queenalice.com/game.php?id=1304190"]
[Date "2014.8.26"]
[Round "1"]
[White "serrameira"]
[Black "Tigrao"]
[Result "1-0"]
[WhiteElo "1921"]
[BlackElo "1695"]

1. e4 e5 2. Nf3 d6 3. Bc4 Nf6 4. Ng5 d5 5. exd5 Nxd5 6. d3 f6 7. Qf3 c6 8. Ne4
Nb4 9. Na3 b5 10. Bb3 Bb7 11. Bd2 a5 12. Bxb4 Bxb4+ 13. c3 1-0

[Event "AUTO-ADV-3225"]
[Site "http://www.queenalice.com/game.php?id=1304191"]
[Date "2014.8.26"]
[Round "1"]
[White "Tigrao"]
[Black "serrameira"]
[Result "0-1"]
[WhiteElo "1703"]
[BlackElo "1913"]

1. e4 e5 2. Nf3 Nf6 3. d3 Nc6 4. Bg5 h6 5. Be3 d5 6. exd5 Nxd5 7. Bd2 Bf5 8. Be2
Bd6 9. Nc3 Nxc3 10. Bxc3 O-O 11. O-O b5 12. a3 e4 0-1

[Event "AUTO-ADV-3225"]
[Site "http://www.queenalice.com/game.php?id=1304204"]
[Date "2014.8.26"]
[Round "1"]
[White "Paraucho"]
[Black "Tigrao"]
[Result "1-0"]
[WhiteElo "2046"]
[BlackElo "1707"]

1. e4 e5 2. Nf3 d6 3. h3 Nf6 4. Bc4 Nxe4 5. d4 Nf6 6. Qe2 e4 7. Nfd2 d5 8. Bb3
Nc6 9. c3 Na5 10. Bc2 Bd6 11. O-O O-O 12. f3 Bf5 13. fxe4 dxe4 14. Rxf5 Re8 15.
Nxe4 Nxe4 16. Bxe4 Qd7 17. Qd3 Nc6 18. Rf1 g6 19. Nd2 f5 20. Bf3 Rab8 21. Nc4
Bf8 22. Bf4 Rbc8 23. Qc2 b5 24. Ne5 Nxe5 25. Bxe5 Bg7 26. Qb3+ Kh8 27. Bxg7+
Kxg7 28. Rad1 a5 29. c4 b4 30. a3 Rb8 31. axb4 Rxb4 32. Qc3 Kf7 33. g4 1-0

[Event "AUTO-ADV-3225"]
[Site "http://www.queenalice.com/game.php?id=1304205"]
[Date "2014.8.26"]
[Round "1"]
[White "Tigrao"]
[Black "Paraucho"]
[Result "0-1"]
[WhiteElo "1705"]
[BlackElo "2048"]

1. e4 c6 2. d3 d5 3. exd5 cxd5 4. Be2 e6 5. Nf3 Bd6 6. O-O Ne7 7. Nc3 Nbc6 8. a3
Bb8 9. Qe1 O-O 10. Bd2 e5 11. h3 b6 12. Bg5 f6 13. Bd2 Bb7 14. Rb1 Nf5 15. Na2
Qc7 16. Nb4 Nxb4 17. Bxb4 e4 18. dxe4 dxe4 19. g3 exf3 20. Bc4+ Qxc4 21. Bxf8
Kxf8 22. Qb4+ Qxb4 23. axb4 Be5 24. c3 Nd6 25. Rfe1 g5 26. Rbd1 Nf7 27. Rd2 a5
28. b5 h5 29. Red1 Bc8 30. Rd3 Bxh3 31. R1d2 Bg2 32. c4 Re8 33. b3 Bd6 0-1

[Event "AUTO-ADV-3225"]
[Site "http://www.queenalice.com/game.php?id=1304212"]
[Date "2014.8.26"]
[Round "1"]
[White "mauricio_sm"]
[Black "Tigrao"]
[Result "1-0"]
[WhiteElo "1964"]
[BlackElo "1675"]

1. e4 e5 2. Nf3 d6 3. Bc4 Nf6 4. d3 h6 5. Nc3 a6 6. O-O Nc6 7. a3 Bg4 8. Be3 Be7
9. h3 Bd7 10. Nd5 O-O 11. Nxe7+ Nxe7 12. Qd2 b5 13. Bxh6 gxh6 14. Qxh6 Nh7 15.
Ng5 Nxg5 16. Qxg5+ Ng6 17. Qxd8 Rfxd8 18. Bb3 Kg7 19. f4 f6 20. f5 Nf4 21. Kh2
1-0

[Event "AUTO-ADV-3225"]
[Site "http://www.queenalice.com/game.php?id=1304213"]
[Date "2014.8.26"]
[Round "1"]
[White "Tigrao"]
[Black "mauricio_sm"]
[Result "0-1"]
[WhiteElo "1680"]
[BlackElo "1959"]

1. e4 c5 2. d3 g6 3. Nf3 Bg7 4. c3 Nc6 5. Be2 e6 6. Be3 b6 7. O-O d6 8. Nbd2 Nf6
9. h3 Bb7 10. a3 O-O 11. Rb1 Qc7 12. Nc4 d5 13. exd5 Nxd5 14. d4 cxd4 15. Nxd4
Nxe3 16. fxe3 Ne5 17. Nxe5 Bxe5 18. Nf3 Rad8 19. Qc2 f5 20. Nxe5 Qxe5 0-1

[Event "Let's Play Chess!"]
[Site "http://www.queenalice.com/game.php?id=1761446"]
[Date "2021.6.8"]
[Round "-"]
[White "Tigrao"]
[Black "igorjava"]
[Result "0-1"]
[WhiteElo "1528"]
[BlackElo "2054"]

1. e4 c5 2. Nf3 d6 3. Bb5+ Bd7 4. Bxd7+ Nxd7 5. b3 Ngf6 6. d3 e5 7. c4 h6 8. h3
a6 9. Nc3 Be7 10. Be3 O-O 11. O-O Qc7 12. Qe2 Nb8 13. a3 Nc6 14. Qd1 Nd7 15. Nh2
f5 16. exf5 Rxf5 17. f4 Raf8 18. g3 Qd8 19. Nd5 Nb6 20. Nxb6 Qxb6 21. g4 R5f7
22. f5 Nd4 23. Bxd4 cxd4 24. b4 Bg5 25. Nf3 Be3+ 26. Kg2 Qc6 27. Kg3 Bf4+ 28.
Kg2 Kh7 29. a4 g6 30. fxg6+ Kxg6 31. Kf2 Be3+ 32. Kg2 Kh7 33. b5 axb5 34. axb5
Qc5 35. Nh2 Rf2+ 36. Rxf2 Rxf2+ 37. Kh1 d5 38. Nf1 dxc4 39. Nxe3 dxe3 40. dxc4
Qd4 41. Qxd4 exd4 42. Kg1 Rf7 43. Rf1 Kg7 44. c5 Rc7 45. Rd1 e2 46. Re1 d3 47.
Kf2 Rxc5 48. Ke3 Rd5 49. b6 d2 50. Rxe2 d1=Q 51. h4 Rd3+ 0-1